Normal view
MARC view
- M. Aamir Abbas
Entry Personal Name
001 - CONTROL NUMBER
- control field: 92435
003 - CONTROL NUMBER IDENTIFIER
- control field: NUST
005 - DATE AND TIME OF LATEST TRANSACTION
- control field: 20220703145702.0
008 - FIXED-LENGTH DATA ELEMENTS
- fixed length control field: 220703|| aca||aabn | a|a d
040 ## - CATALOGING SOURCE
- Original cataloging agency: NUST
- Transcribing agency: NUST
100 ## - HEADING--PERSONAL NAME
- Personal name: M. Aamir Abbas
670 ## - SOURCE DATA FOUND
- Source citation: Work cat.: (NUST)13645: Muhammad Aqeel 92434, Smart panel metering system, 2016
